01413nkm a2200325 i 45000010005000000030009000050050017000140070006000310080041000371000024000782450077001022600029001793000039002085000035002475110129002825180207004116000033006186000033006516000021006846000028007056000019007336000034007526000031007866100064008177100022008817100053009037100011009568520027009678560093009943405ES-MaACL20250713062702.0khrbo051021s1984 sp --- g |001||spa d0 aAlfonso,d1902-199010aHomenaje a Ángel María de Lera [hFotografía] / cAlfonso (sello). a[S.l. : bs.n.], c1984. a6 fot. : bb. y n. ; c12 x 18 cm. aDatos basados en invitación.0 aIntervienen: Angelina Gatell, Ramón Hernández, Andrés Sorel, Lauro Olmo, Juan Mollá, Leopoldo de Luis, Antono Tovar. aActo organizado por el Ateneo de Madrid en colaboración con la Asociación Colegial de Escritores de España (A.C.E), celebrado en el salón de actos el lunes, 29 de octubre de 1984, a las 19:30 h.14aGatell, Angelina,d1926-201714aHernández, Ramón,d1935-14aSorel, Andrés.14aOlmo, Lauro,d1922-199414aMollá, Juan.14aLuis, Leopoldo de,d1918-200514aTovar, Antonio,d1911-198524aAteneo de Madrid-xActos culturales-y1984-vFotografías.2 aAteneo de Madrid.2 aAsociación Colegial de Escritores de España.2 aA.C.E. aES-MaACLjFOT 112/19844 uhttp://www.ateneodemadrid.net/biblioteca_digital/imagenes/1984/0112-1984.jpgzVer imagen